000 00880nas a2200277 4500
001 BR7305807
003 BR-BrBNA
005 20231205082542.0
007 ta
008 230509b bl.|||p| |||| 00| 00por d
040 _aBR-BrBNA
_bpor
_cBiblioteca Nacional de Agricultura
041 _a(Pt)
072 _aF22; F25
100 1 _aAbrao, J.J.R.
100 1 _aGrimm, S.S.
245 1 _aAvaliacao do efeito residual da calagem e da adubacao fosfatada num oxissolo, durante tres anos de cultivo [Rio Grande do Sul]
_bParte de tese
650 _aQUIMICA DO SOLO
650 _aFERTILIZANTE FOSFATADO
650 _aCALAGEM
650 _aADUBACAO
650 _aOXISOL
650 _aRIO GRANDE DO SUL
773 0 _tAgronomia Sulriograndense (Brazil)
_xISSN 0400-8111
_g(1975), v. 11(1) p. 105-127
_wBR7305807
909 _a202311
_bLúcia
_c55
_dLúcia Elande
942 _2AGRIS
_n0
_cANA
999 _c92744
_d92744